| 000 | 00359nam a2200145Ia 4500 | ||
|---|---|---|---|
| 008 | 230917s9999||||xx |||||||||||||| ||und|| | ||
| 040 |
_e30354 _aMAIN |
||
| 041 | _aEnglish | ||
| 082 | _aB N315B:N | ||
| 100 | _aBrecher, Michael | ||
| 245 | 0 | _aNehru: A political biography | |
| 260 |
_aOxford _bUniversity press _c1998 |
||
| 300 | _axi, 682 p. | ||
| 942 | _cBK | ||
| 999 |
_c102415 _d102415 |
||